Stray Kids - Thunderous (English Lyrics) - Statistics

General Stats
  • This quiz has been taken 686 times
  • The average score is 70 of 98
Answer Stats
Answer % Correct
i
97%
i
97%
we
87%
we
87%
sorry
84%
sorry
84%
sorry
84%
sorry
84%
sorry
84%
the
84%
the
84%
cold
83%
cold
83%
dirty
83%
dirty
83%
dirty
83%
dirty
83%
dirty
83%
freezing
83%
freezing
83%
know
83%
know
83%
but
82%
but
82%
forever
82%
forever
82%
i'm
82%
i'm
82%
i'm
82%
i'm
82%
i'm
82%
i'm
82%
i'm
82%
i'm
82%
i'm
82%
i'm
82%
not
82%
not
82%
not
82%
not
82%
not
82%
you
80%
you
80%
you
80%
burn
79%
burn
79%
we'll
77%
we'll
77%
sad
73%
why
73%
why
73%
why
73%
mad
72%
man
72%
man
72%
man
72%
man
72%
man
72%
rules
72%
rules
72%
by
71%
by
71%
don't
70%
don't
70%
play
70%
play
70%
come
67%
come
67%
here
67%
here
67%
they
67%
they
67%
on
65%
on
65%
keep
64%
keep
64%
talking
63%
talking
63%
boom
55%
boom
55%
bang
54%
bang
54%
bang
54%
bang
54%
bang
54%
bang
54%
up
54%
up
54%
back
53%
oh
49%
oh
49%
of
48%
what's
41%
warning
38%
final
37%
out
32%
ayy
23%
back off
14%
No matching quizzes found
Score Distribution
Percent of People with Each Score
Percentile by Number Answered
Your Score History
You have not taken this quiz